| 000 | 00702nam a2200205Ia 4500 | ||
|---|---|---|---|
| 005 | 20260121110150.0 | ||
| 008 | 008 260114s9999 xx 000 0 hin d | ||
| 020 | _a9788132387671 | ||
| 037 | _aEBOOK | ||
| 040 |
_aCRL _bhin _cCRL |
||
| 041 |
_ahin _2hin |
||
| 084 | _qCRL | ||
| 100 |
_aकिरण कुमार लाल / Kiran Kumar Lal _9942839 |
||
| 245 | 0 | _aबवंडर: एक मौसम सम्बन्धी जोखिम / Bavandar: ek mausam sambandhi jokhim | |
| 260 |
_bभाषा प्रकाशन / Bhasha Prakashan _c2023 |
||
| 856 | _uhttps://bhashaprakashan.com/product-details/437251 | ||
| 942 | _cEBOOK | ||
| 999 |
_c1534504 _d1534504 |
||